000 01241nam a2200253Ia 4500
999 _c38799
_d38799
001 5161
003 GE_BSU
005 20190603161836.0
008 181216s1980||||ge |||||||||||||| ||geo||
040 _cGE_BSU
041 _ageo
080 _a519.852.6(076.5) + 004.42 ა-80
100 _aართმელაძე, ნ.
_91959
245 _aპრაქტიკული სახელმძღვანელო გამოთვლების მეთოდებსა და პროგრამირებაში II ნაწ. :
_bდამხმ. სახელმძღ./
_cნ. ართმელაძე, თ. კოხია, ო. მელაძე ; რედ. ე. გიორგაძე.
260 _c.
264 _aთბილისი :
_bსპი,
_c1980.
300 _a108 გვ. ;
_c20 სმ.
504 _aბიბლიოგრ. : გვ.104.
653 _aგამოთვლების მეთოდები და პროგრამირება
700 _aკოხია, თ
_eავტორი
_91951
700 _aმელაძე, ო.
_eავტორი
_91952
700 _aგიორგაძე, ო.
_eრედაქტორი
_91960
942 _cBK
_2udc